|
|
|
|
| LEADER |
00938nam a22002297a 4500 |
| 001 |
AAL9674 |
| 003 |
BD-DhAAL |
| 005 |
20250729145651.0 |
| 008 |
180714s 2014B ||||| |||| 00| 0 en d |
| 020 |
|
|
|a 9847020400103
|
| 040 |
|
|
|a BD-DhAAL
|c BD-DhAAL
|
| 082 |
|
|
|a 294.5922
|2 23
|
| 245 |
|
|
|a বাল্মীকি রামায়ন /
|b অনূদিত রাজশেখর বসু
|
| 260 |
|
|
|a ঢাকা :
|b নভেল পাবলিশিং,
|c ২০১৪
|
| 300 |
|
|
|a ৩৪৭ পৃ. ;
|c ২২ সে.মি.
|
| 541 |
|
|
|e 9674
|
| 600 |
|
|
|a Valmiki.
|t Ramayana.
|9 58890
|
| 700 |
|
|
|a বসু, রাজশেখর
|9 27231
|
| 852 |
|
|
|a Savar Campus Library
|c General Stacks
|
| 942 |
|
|
|2 ddc
|c BK
|
| 999 |
|
|
|c 39759
|d 39759
|
| 952 |
|
|
|0 0
|1 0
|2 ddc
|4 0
|6 294_500000000000000_922_BAL
|7 0
|9 63787
|a SCL
|b SCL
|c GEN
|d 2018-07-14
|e Development Book Agency
|g 328.00
|l 3
|m 12
|o 294.5922 BAL
|p 3020009674
|r 2024-04-03
|s 2024-01-31
|t 1
|w 2018-07-14
|y BK
|